La Iglesia en la historia de la ciencia / José María Riaza Morales

Uloženo v:
Podrobná bibliografie
Hlavní autor: Riaza Morales, José María (autor)
Médium: Kniha
Edice:BAC ; v. 601
Témata:
Tagy: Přidat tag
Žádné tagy, Buďte první, kdo vytvoří štítek k tomuto záznamu!

MARC

LEADER 00000nam^a2200000^u^4500
001 000547906
005 20250521000000.0
008 060220s1000^^^^^^^^^^^^r^^^^^000^0^spa^d
009 20260310131440.473
022 |a 8479144440 
035 |a FMI 000017633 
037 |a Acervo Xavier Clavigero 
096 |a 3.1/18/B 
100 |a Riaza Morales, José María  |e (autor) 
245 1 3 |a La Iglesia en la historia de la ciencia / José María Riaza Morales 
264 |a Madrid : BAC 
300 |a xix, 319 p. 
336 |a texto  |b txt  |2 rdacontenido 
337 |a sin mediación  |b n  |2 rdamedio 
338 |a volumen  |b nc  |2 rdasoporte 
440 0 |a BAC ; v. 601 
649 |a XX 
650 |a Historia de la Iglesia 
910 |a Fondo Francisco Migoya Covarrubias S.J. 
920 |a Impresos - Libros 
930 |a Fondos Especiales 
905 |a 134 
901 |a SBC25696  |b IT2  |c ESP  |u 20250521 
902 |a https://opac.biblio.iteso.mx/vufind/Record/000547906